[Event "Sicilian Accelerated Dragon"]
[Site "SchemingMind.com"]
[Date "2011.05.19"]
[Round "-"]
[White "Number34"]
[Black "nimzoking"]
[Result "1-0"]
[WhiteCountry "USA"]
[BlackCountry "ENG"]
[WhiteElo "2317"]
[WhiteRD "75"]
[BlackElo "2218"]
[BlackRD "90"]
[GameID "284426"]

1. e4 c5 2. Nf3 Nc6 3. d4 cxd4 4. Nxd4 g6 5. c4 Bg7 6. Be3 Nf6 7. Nc3 O-O 8. Be2 d6 9. O-O Nxd4 10. Bxd4 Bd7
11. Qd2 Bc6 12. f3 a5 13. b3 Nd7 14. Bf2 Nc5 15. Rab1 Qb6 16. a3 Qd8 17. Bd1 e6 18. b4 axb4 19. axb4 Ra3 20. Rc1 Nb3
21. Bxb3 Rxb3 22. b5 Be8 23. Rfd1 Qa5 24. Nb1 Qxd2 25. Nxd2 Rb2 26. Nf1 f5 27. exf5 exf5 28. Rxd6 Bf7 29. Rd7 Rb8 30. Rcd1 Bf8
31. Rc7 Rb4 32. Ne3 b6 33. h4 Bc5 34. Rdd7 Be6 35. Nd5 Bxf2+ 36. Kxf2 Rb2+ 37. Kg3 Bxd7 38. Rxd7 Rf8 39. Nxb6 Rc2 40. Rc7 f4+
41. Kh3 Rd8 42. Nd7
1-0

[Event "Sicilian Accelerated Dragon"]
[Site "SchemingMind.com"]
[Date "2011.05.19"]
[Round "-"]
[White "nimzoking"]
[Black "Number34"]
[Result "1/2-1/2"]
[WhiteCountry "ENG"]
[BlackCountry "USA"]
[WhiteElo "2251"]
[WhiteRD "91"]
[BlackElo "2328"]
[BlackRD "74"]
[GameID "284435"]

1. e4 c5 2. Nf3 Nc6 3. d4 cxd4 4. Nxd4 g6 5. c4 Nf6 6. Nc3 d6 7. Nc2 Bg7 8. Be2 O-O 9. O-O Nd7 10. Bd2 Nc5
11. b4 Ne6 12. Rb1 Ned4 13. Nxd4 Nxd4 14. Re1 a5 15. a3 axb4 16. axb4 Bd7 17. Bf1 Ra3 18. Qc1 Rb3 19. Qd1 Ra3 20. Qc1 Ra7
21. Be3 e5 22. Nd5 Be6 23. Qb2 Bxd5 24. exd5 Qd7 25. Bd3 Ra4 26. Bxd4 exd4 27. Ra1 Rfa8 28. g3 b6 29. Kg2 Bf6 30. h4 Kg7
31. Rxa4 Qxa4 32. f4 h5 33. Re2 Qa3 34. Qxa3=
1/2-1/2